| 000 | 00507nam a2200181Ia 4500 | ||
|---|---|---|---|
| 001 | 19888 | ||
| 008 | 140408s9999 xx 000 0 und d | ||
| 020 | _a0-669-24814-2 | ||
| 040 | _cPK-LaUMT | ||
| 082 |
_a 658.409 _bBEN-U |
||
| 100 | _aJean Knox | ||
| 245 |
_aUnderstanding your management style: _bBeyond the myers-briggs type indicators. _cJean Knox<>Robert Benfari |
||
| 260 |
_aBerkley,USA: _bMacromedia Press, _c1991 |
||
| 300 | _a202 p. | ||
| 546 | _aEN | ||
| 700 | _aRobert Benfari | ||
| 942 | _cBK | ||
| 999 |
_c20256 _d20256 |
||